[Event "AUT-chT2O 9798"]
[Site "Austria"]
[Date "1997.11.07"]
[Round "1"]
[White "Thallinger, Harald"]
[Black "Trauner, Rudolf"]
[Result "1/2-1/2"]
[WhiteElo "2350"]
[BlackElo "2285"]

1.d4 Nf6 2.c4 e6 3.Nc3 Bb4 4.Qc2 O-O 5.a3 Bxc3+ 6.Qxc3 Ne4 7.Qc2 f5 8.e3 b6
9.Nh3 Bb7 10.f3 Nf6 11.Bd3 c5 12.dxc5 bxc5 13.Bd2 a5 14.O-O-O Nc6 15.Bc3 Qc7
16.Nf4 Ne5 17.Be2 Rfe8 18.Nd3 Nf7 19.g4 fxg4 20.Bxf6 gxf6 21.Rhg1 Nh6 22.fxg4 Nf7
23.g5 fxg5 24.Bh5 Be4 25.Rdf1 Rf8 26.Bxf7+ Rxf7 27.Rxg5+ Bg6 28.Rxf7 Kxf7
29.Qg2 Rg8 30.Ne5+ Ke7 31.h4 Qc8 32.h5 Bf7 33.e4 Qf8 34.Qd2 Rxg5 35.Qxg5+ Ke8
36.Ng4 Qe7 37.Nf6+ Kd8 38.Qg7 Be8 39.Qh8 Qf7 40.Nxe8 Qxe8 41.Qxh7 Qf8 42.Kc2 a4
43.h6  1/2-1/2

[Event "RUS-Cup01 Chigorin mem"]
[Site "St Petersburg"]
[Date "1997.11.07"]
[Round "7"]
[White "Kiriakov, Petr"]
[Black "Zavoronkov, Vladimir"]
[Result "1/2-1/2"]
[WhiteElo "2505"]
[BlackElo "2400"]

1.d4 Nf6 2.c4 e6 3.Nc3 Bb4 4.Qc2 O-O 5.a3 Bxc3+ 6.Qxc3 b6 7.Bg5 c5 8.dxc5 bxc5
9.e3 Nc6 10.Nf3 Qa5 11.Qxa5 Nxa5 12.b4 Nc6 13.b5 Na5 14.Nd2 Bb7 15.Bd3 a6
16.b6 d5 17.Bxf6 gxf6 18.Ke2 Rfd8 19.Rab1 Rd6 20.Rhd1 Rad8 21.f3 h6 22.e4 Rb8
23.exd5 exd5 24.cxd5 Bxd5 25.Rbc1 c4 26.Be4 Be6 27.Rc3 Rbxb6 28.Rb1 Rb5 29.g4 Kf8
30.Ke3 Ke7 31.Bc2 h5 32.h3 hxg4 33.hxg4 Rd8 34.Be4 Rc8 35.Rbc1 Rb2 36.Rb1 Rcb8
37.Rxb2 Rxb2 38.Bc2 Rb8 39.Ne4 Rc8 40.Nd2 Nb7 41.Ne4 Nd6 42.Nxd6 Kxd6 43.Kd4 Kc6
44.Re3 Rd8+ 45.Kc3 Kc5 46.Re4 Bd5 47.Rf4 Re8 48.Be4 Bxe4 49.fxe4 Re6 50.Rf5+ Re5
51.Rxf6 Rxe4 52.Rf5+  1/2-1/2

[Event "Budapest FS11 IM-A"]
[Site "Budapest"]
[Date "1997.11.12"]
[Round "11"]
[White "Paschall, William M"]
[Black "Eperjesi, Laszlo"]
[Result "1/2-1/2"]
[WhiteElo "2280"]
[BlackElo "2340"]

1.d4 Nf6 2.c4 e6 3.Nc3 Bb4 4.Qc2 O-O 5.Bg5 h6 6.Bh4 d6 7.a3 Bxc3+ 8.Qxc3 Nbd7
9.e3 b6 10.Bd3 Bb7 11.Nf3 Qe8 12.O-O Ne4 13.Bxe4 Bxe4 14.Nd2  1/2-1/2

[Event "Maroczy mem"]
[Site "Szeged"]
[Date "1997.11.18"]
[Round "5"]
[White "Atalik, Suat"]
[Black "Wells, Peter K"]
[Result "1/2-1/2"]
[WhiteElo "2590"]
[BlackElo "2530"]

1.d4 Nf6 2.c4 e6 3.Nc3 Bb4 4.Qc2 O-O 5.a3 Bxc3+ 6.Qxc3 b6 7.Bg5 Bb7 8.e3 d6
9.f3 Nbd7 10.Bd3 c5 11.Ne2 Rc8 12.b4 h6 13.Bh4 d5 14.cxd5 Nxd5 15.Bxd8 Nxc3
16.Bh4 cxd4 17.exd4 Nf6 18.Rc1 Nxe2 19.Kxe2 Rfd8 20.Rhd1 Kf8 21.Bxf6 gxf6
22.Ke3 f5 23.g4 fxg4 24.fxg4 Rxc1 25.Rxc1 Rc8 26.Rxc8+ Bxc8 27.Kf4 f6 28.h4 Ke7
29.g5 hxg5+ 30.hxg5 fxg5+  1/2-1/2

[Event "Jakarta m"]
[Site "Jakarta"]
[Date "1997.11.22"]
[Round "3"]
[White "Adianto, Utut"]
[Black "Karpov, Anatoly"]
[Result "1-0"]
[WhiteElo "2610"]
[BlackElo "2745"]

1.d4 Nf6 2.c4 e6 3.Nc3 Bb4 4.Qc2 O-O 5.a3 Bxc3+ 6.Qxc3 b6 7.Bg5 Bb7 8.e3 d6
9.f3 Nbd7 10.Bd3 c5 11.Ne2 Rc8 12.Qb3 d5 13.cxd5 Bxd5 14.Qa4 cxd4 15.exd4 Bc6
16.Qd1 b5 17.O-O Qb6 18.Rc1 Nd5 19.Kh1 a5 20.Qe1 b4 21.Qh4 f5 22.Qg3 Kf7
23.Nf4 Nxf4 24.Bxf4 Bd5 25.Bd6 Rfe8 26.axb4 axb4 27.Bc7 Qb7 28.Qd6 Nb8 29.Rc5 Re7
30.Bxb8 Rxb8 31.Rfc1 Qb6 32.Qe5 Rd8 33.Bxf5 exf5 34.Qxf5+ Qf6 35.Rxd5 Qxf5
36.Rxf5+ Kg6 37.Rb5 Rxd4 38.Rb6+ Kf7 39.h3 Re2 40.Rb7+ Re7 41.Rb5 Re2 42.b3 Re3
43.Kh2 h5 44.Rb7+ Re7 45.Rb6 Re3 46.Rc7+ Re7 47.Rc4 Rxc4 48.bxc4 Re2 49.Rxb4 Rc2
50.h4 g6 51.Kg3 Kf6 52.Rb6+ Kf7 53.Rc6 Kg7 54.Rc8 Kf6 55.c5 Kg7 56.c6 Kf6
57.Kf4 Kg7 58.Ke5 Re2+ 59.Kd6 Rd2+ 60.Kc7 Rxg2 61.Rd8  1-0

[Event "CZE-chT 9798"]
[Site "CZE"]
[Date "1997.12.14"]
[Round "4"]
[White "Bazant, Petr"]
[Black "Znamenacek, Kvetoslav"]
[Result "1-0"]
[WhiteElo "2330"]
[BlackElo "2325"]

1.d4 Nf6 2.c4 e6 3.Nc3 Bb4 4.Qc2 O-O 5.Bg5 h6 6.Bh4 c5 7.dxc5 Na6 8.a3 Bxc3+
9.Qxc3 g5 10.Bg3 Ne4 11.Qc2 Qa5+ 12.Kd1 f5 13.f3 Nxg3 14.hxg3 Qxc5 15.Qc3 d5
16.Rxh6 dxc4 17.Nh3 e5 18.Nxg5 Qd4+ 19.Qxd4 exd4 20.Rg6+ Kh8 21.Rd6 Nc5 22.Rxd4 Nb3
23.Rh4+ Kg7 24.Rb1 b5 25.Ke1 Rd8 26.Rd1 Rxd1+ 27.Kxd1 Kg6 28.Nh3 Bb7 29.Nf4+ Kg7
30.Ke1 Re8 31.Rh5 Bc8 32.g4 fxg4 33.Rxb5 gxf3 34.gxf3 Nd4 35.Rg5+ Kf6 36.Rg3 Bb7
37.Kf2 Nf5 38.Nh5+ Ke5 39.Rg5 Rf8 40.Bh3 Bc8 41.e4  1-0

[Event "Karpov GM"]
[Site "Singapore"]
[Date "1997.12.21"]
[Round "8"]
[White "Hsu Li Yang"]
[Black "Wu Shaobin"]
[Result "1/2-1/2"]
[WhiteElo "2390"]
[BlackElo "2430"]

1.d4 Nf6 2.c4 e6 3.Nc3 Bb4 4.Qc2 O-O 5.a3 Bxc3+ 6.Qxc3 b6 7.Bg5 Bb7 8.e3 d6
9.f3 Nbd7 10.Bd3 c5 11.dxc5 Nxc5 12.Bc2 Rc8 13.Nh3 Ncd7 14.O-O d5 15.b3 dxc4
16.bxc4 Bd5 17.Bxh7+ Kh8 18.Qe1 Bxc4 19.Qh4 Bxf1 20.Bg6+ Kg8 21.Bh7+  1/2-1/2

[Event "Viking op"]
[Site "Aaland-Stockholm"]
[Date "1997.??.??"]
[Round "?"]
[White "Forintos, Gyozo V"]
[Black "Berg, Emanuel"]
[Result "0-1"]
[WhiteElo "2440"]
[BlackElo "2285"]

1.d4 e6 2.c4 Nf6 3.Nc3 Bb4 4.Qc2 O-O 5.a3 Bxc3+ 6.Qxc3 b6 7.Bg5 Bb7 8.f3 d6
9.e4 c5 10.dxc5 bxc5 11.Ne2 Nc6 12.Ng3 Nd4 13.Bd3 h6 14.Be3 Qb6 15.O-O a5
16.b3 Nxb3 17.Bxh6 Nd4 18.Rab1 Qa7 19.e5 Ne8 20.Bg5 Bc6 21.f4 Qc7 22.Rfe1 dxe5
23.fxe5 f6 24.Bf4 g5 25.Bd2 f5 26.Bxg5 f4 27.Nh5 f3 28.Nf6+ Nxf6 29.exf6 Kf7
30.Be4 Rh8 31.h4 Rag8 32.Bxc6 Rxg5 33.Bxf3 Rg3 34.Re3 Rxf3 35.Rbe1 Qg3 36.Qb2 Rxe3
37.Qb7+ Kxf6 38.Rf1+ Nf3+ 39.Rxf3+ Rxf3  0-1

[Event "Viking op"]
[Site "Aaland-Stockholm"]
[Date "1997.??.??"]
[Round "?"]
[White "Dzevlan, Miralem"]
[Black "Gyimesi, Zoltan"]
[Result "1/2-1/2"]
[WhiteElo "2420"]
[BlackElo "2525"]

1.d4 Nf6 2.c4 e6 3.Nc3 Bb4 4.Qc2 O-O 5.a3 Bxc3+ 6.Qxc3 b6 7.Bg5 Bb7 8.f3 h6
9.Bh4 d5 10.e3 Nbd7 11.cxd5 Nxd5 12.Bxd8 Nxc3 13.Bxc7 Nd5 14.Bf4 Rfd8 15.Bc4 Nxf4
16.exf4 Rac8 17.Bb3 Nb8 18.Ne2 Nc6 19.Rd1 Ba6 20.Ba4 Bxe2 21.Kxe2 Nxd4+ 22.Ke3 Rc4
23.Bb3 Nf5+ 24.Kf2 Rcd4 25.Rxd4 Rxd4 26.Rd1 Kf8 27.Rxd4 Nxd4 28.Bd1 Ke7 29.Ke3 Nf5+
30.Ke4 Kd6 31.Be2 a5 32.g4 Ne7 33.f5 exf5+ 34.gxf5 f6 35.f4 Kc5 36.Bh5 Nc8
37.b4+ axb4 38.axb4+ Kd6 39.Bf7 Ne7 40.Bc4 Nc6 41.b5 Ne7 42.Be6 Kc5 43.Bd7 Nd5
44.Kf3 Nc3 45.Kg4 Nxb5 46.Kh5 Nd4 47.Kg6 Kd6 48.Bc8 Ke7 49.Kxg7 b5 50.h4 b4
51.h5 b3 52.Ba6 Nxf5+ 53.Kg6 Nd4 54.Kxh6 Ne6 55.f5 Nf4 56.Bc4 b2 57.Ba2 Kd6
58.Bb1 Ke5 59.Bc2 Nd5 60.Kg7 Ne3 61.Bb1 Nxf5+ 62.Kg6 Nh4+ 63.Kf7 Nf5 64.Kg6 Nd4
65.h6 Ne6 66.Bc2 Ng5 67.Bb1 Ne6 68.Bc2 f5 69.Bxf5 Nf4+ 70.Kg5 Nh3+ 71.Kg6 Nf4+
72.Kg5 Nh3+ 73.Kg6  1/2-1/2

[Event "Skolernes Skakklub"]
[Site "Aarhus"]
[Date "1997.??.??"]
[Round "7"]
[White "Schandorff, Lars"]
[Black "Rozentalis, Eduardas"]
[Result "0-1"]
[WhiteElo "2510"]
[BlackElo "2650"]

1.d4 Nf6 2.c4 e6 3.Nc3 Bb4 4.Qc2 O-O 5.a3 Bxc3+ 6.Qxc3 b6 7.Bg5 Ba6 8.Nf3 d6
9.e3 Nbd7 10.Bd3 c5 11.O-O Rc8 12.d5 exd5 13.cxd5 Bxd3 14.Qxd3 Qe7 15.Rfd1 c4
16.Qc2 Rc5 17.Rd4 Rfc8 18.Rad1 h6 19.Bh4 b5 20.b4 cxb3 21.Qxb3 g5 22.Bg3 Ne4
23.Nd2 Ndf6 24.Nxe4 Nxe4 25.Qd3 Rc4 26.Rxc4 bxc4 27.Qc2 c3 28.Rd4 Qb7 29.h4 Qb2
30.Qxe4 c2 31.Bxd6 c1=Q+ 32.Kh2  0-1

[Event "Schahin Cury"]
[Site "Americana"]
[Date "1997.??.??"]
[Round "10"]
[White "Leitao, Rafael"]
[Black "Urday, Henry"]
[Result "1/2-1/2"]
[WhiteElo "2515"]
[BlackElo "2445"]

1.d4 Nf6 2.c4 e6 3.Nc3 Bb4 4.Qc2 O-O 5.e4 d6 6.a3 Bxc3+ 7.bxc3 e5 8.Bd3 b6
9.Ne2 Bb7 10.O-O Re8 11.Ng3 Nc6 12.Bb2 Ne7 13.f4 Ng6 14.Bc1 Nd7 15.f5 Ngf8
16.f6 Nxf6 17.Bg5 N8d7 18.Nh5 Kh8 19.Rf3 Rg8 20.Raf1 Qe7 21.d5 Qf8 22.Nxf6 gxf6
23.Bxf6+ Nxf6 24.Rxf6 Rg7 25.Qf2 Kg8 26.h4 Bc8 27.Kh2 Bg4 28.Be2 Bxe2 29.Qxe2 Qe7
30.g4 Kh8 31.Qf3 Rf8 32.Qf5 Rg6 33.g5 Rxf6 34.gxf6 Qe8 35.Rg1 Rg8 36.h5 h6
37.Rxg8+ Qxg8 38.Qd7 a6 39.a4 a5 40.Qe7 Qg4 41.Qf8+ Kh7 42.Qxf7+ Kh8 43.Qf8+ Kh7
44.Qe7+ Kh8 45.Qd8+ Kh7 46.Qxc7+ Kh8 47.Qd8+ Kh7 48.Qe7+ Kh8 49.Qe8+ Kh7  1/2-1/2

[Event "AUT-chT2W 9697"]
[Site "Austria"]
[Date "1997.??.??"]
[Round "11"]
[White "Kelecevic, Nedeljko"]
[Black "Lawitsch, Guenther"]
[Result "1-0"]
[WhiteElo "2480"]
[BlackElo "2225"]

1.d4 Nf6 2.c4 e6 3.Nc3 Bb4 4.Qc2 O-O 5.a3 Bxc3+ 6.Qxc3 Ne4 7.Qc2 f5 8.Nh3 b6
9.f3 Nf6 10.e3 Bb7 11.Be2 d6 12.O-O Nbd7 13.b4 Qe7 14.Bb2 g6 15.Rad1 e5 16.Rfe1 h6
17.c5 bxc5 18.bxc5 Rab8 19.Ba1 dxc5 20.dxe5 Nxe5 21.Qc3 Rfe8 22.e4 fxe4 23.f4 Ned7
24.Rxd7 Qxd7 25.Qxf6 Kh7 26.f5 gxf5 27.Nf4 Rg8 28.Rd1  1-0

[Event "Wch Seniors"]
[Site "Bad Wildbad"]
[Date "1997.??.??"]
[Round "4"]
[White "Igney, Volkhard"]
[Black "Porubszki, Georg"]
[Result "1/2-1/2"]
[WhiteElo "2280"]
[BlackElo "2040"]

1.d4 Nf6 2.c4 e6 3.Nc3 Bb4 4.Qc2 O-O 5.a3 Bxc3+ 6.Qxc3 Ne4 7.Qc2 f5 8.Nf3 d5
9.g3 Nd7 10.Bg2 c5 11.cxd5 exd5 12.dxc5 Ndxc5 13.b4 Ne6 14.e3 Bd7 15.O-O Bb5
16.Re1 Rc8 17.Qb2 Qc7 18.Bf1 Bxf1 19.Rxf1 Qc3 20.Qa2 Qc4 21.Qb2 Qd3 22.Ne5 Qc2
23.Ra2 Qxb2 24.Rxb2 Rc3 25.Re2 Rfc8 26.Bb2 Rc2 27.Rfe1 Nd2 28.Bd4 Nxd4 29.exd4 g6
30.Kg2 Ne4 31.f3 Rxe2+ 32.Rxe2 Nf6 33.Kf2 Rc3 34.Re3 Rc2+ 35.Re2  1/2-1/2

[Event "Bad Woerishofen op"]
[Site "Bad Woerishofen"]
[Date "1997.??.??"]
[Round "1"]
[White "Gabriel, Christian"]
[Black "Mantzouneas, Nikolaos"]
[Result "1-0"]
[WhiteElo "2570"]
[BlackElo "2030"]

1.d4 Nf6 2.c4 e6 3.Nc3 Bb4 4.Qc2 O-O 5.a3 Bxc3+ 6.Qxc3 Ne4 7.Qc2 f5 8.Nh3 d5
9.f3 Nf6 10.e3 c6 11.Bd2 a5 12.Bd3 Nbd7 13.O-O Re8 14.Nf2 Nf8 15.Rae1 b6
16.e4 Ba6 17.exf5 exf5 18.Rxe8 Nxe8 19.Bxf5 Nd6 20.Bh3 Nxc4 21.Bc1 Qe8 22.Qc3 Bb7
23.b3 Nd6 24.a4 Qg6 25.Nd3 Qf6 26.Ne5 Nf5 27.g4 Ne7 28.f4 Qd6 29.f5 c5 30.g5 cxd4
31.Qxd4 Qc5 32.Be3 Qxd4 33.Bxd4 Nc6 34.Nxc6 Bxc6 35.Rc1 Be8 36.Rc7 Bf7 37.Bf1 g6
38.Bg2 gxf5 39.Bxd5 Bxd5 40.Rg7+ Kh8 41.Rg6+  1-0

[Event "Stadtcasino op"]
[Site "Baden"]
[Date "1997.??.??"]
[Round "?"]
[White "Kelecevic, Nedeljko"]
[Black "Dell'Agosti, Alain"]
[Result "1-0"]
[WhiteElo "2430"]
[BlackElo "2230"]

1.d4 Nf6 2.c4 e6 3.Nc3 Bb4 4.Qc2 O-O 5.a3 Bxc3+ 6.Qxc3 b6 7.Bg5 Bb7 8.e3 h6
9.Bh4 d6 10.f3 Nbd7 11.O-O-O d5 12.Nh3 c5 13.dxc5 bxc5 14.Be2 Qc7 15.g4 e5
16.Qe1 Qb6 17.Rg1 Rab8 18.Rd2 Qb3 19.g5 hxg5 20.Bxg5 Qa2 21.Bd3 Rfc8 22.Qh4 Rc6
23.Bxf6 Rxf6 24.Qg4 Kf8 25.Qxd7  1-0

[Event "Stadtcasino op"]
[Site "Baden"]
[Date "1997.??.??"]
[Round "?"]
[White "Pelletier, Yannick"]
[Black "Jahn, Constanze"]
[Result "1-0"]
[WhiteElo "2470"]
[BlackElo "2230"]

1.d4 Nf6 2.c4 e6 3.Nc3 Bb4 4.Qc2 O-O 5.a3 Bxc3+ 6.Qxc3 Ne4 7.Qc2 f5 8.g3 b6
9.Bg2 Bb7 10.Nh3 Nc6 11.e3 Ne7 12.O-O d5 13.Nf4 Qc8 14.c5 bxc5 15.f3 Nf6
16.Qxc5 Ng6 17.Nxg6 hxg6 18.Bd2 Nd7 19.Qe7 Nb6 20.b3 Rf7 21.Qg5 Kh7 22.Rfc1 Qd8
23.Qxd8 Rxd8 24.Rc5 c6 25.Rac1 Nd7 26.Ra5 a6 27.Bf1 Ra8 28.h4 e5 29.dxe5 Nxe5
30.Kf2 Re7 31.Bc3 Rae8 32.Bd4 Nd7 33.Rc3 Re6 34.b4 Ra8 35.Bd3 Ne5 36.Bc2 Nc4
37.Rc5 Nd6 38.a4 Rae8 39.Bd3 Ra8 40.Rc1 Re7 41.Rg1 Rf8 42.Ra5 Ra8 43.g4 Rf7
44.h5 gxh5 45.gxf5 Bc8 46.f6+ Bf5 47.e4 Bg6 48.Rxg6 Kxg6 49.exd5+ Kh6 50.Be3+ g5
51.dxc6 Rg8 52.Rxa6 Rxf6 53.c7  1-0

[Event "Foment Martinenc op"]
[Site "Barcelona"]
[Date "1997.??.??"]
[Round "9"]
[White "Pinazo Donoso, Jordi"]
[Black "Campos Moreno, Javier B"]
[Result "0-1"]
[WhiteElo "2215"]
[BlackElo "2485"]

1.d4 Nf6 2.c4 e6 3.Nc3 Bb4 4.Qc2 O-O 5.a3 Bxc3+ 6.Qxc3 b6 7.Nf3 Bb7 8.g3 a5
9.Bg2 a4 10.O-O d6 11.Rd1 Nbd7 12.Bf4 Re8 13.Rac1 Qb8 14.h3 Ne4 15.Qc2 f5
16.Ng5 Nxg5 17.Bxg5 Bxg2 18.Kxg2 Qb7+ 19.f3 e5 20.Qxf5 exd4 21.e3 c5 22.Qd5+ Qxd5
23.cxd5 h6 24.Bf4 g5 25.Bxd6 Rxe3 26.Re1 Rae8 27.Kf2 Nf6 28.Rxe3 Rxe3 29.Re1 Rb3
30.Re2 Nxd5 31.h4 Kf7 32.hxg5 hxg5 33.f4 g4 34.Be5 Ne3 35.Bc7 Kg6 36.Ke1 Kf5
37.Bd8 Ke4 38.Rf2 c4 39.f5 c3  0-1

[Event "Regionalliga SW9697"]
[Site "Bayern"]
[Date "1997.??.??"]
[Round "?"]
[White "Nussbaecher, Andreas"]
[Black "Antemia, Paul"]
[Result "1-0"]
[WhiteElo "1980"]
[BlackElo "2090"]

1.d4 Nf6 2.c4 e6 3.Nc3 Bb4 4.Qc2 O-O 5.a3 Bxc3+ 6.Qxc3 d6 7.f3 Re8 8.Bg5 Nbd7
9.e4 e5 10.d5 Nf8 11.Bd3 c6 12.Qd2 h6 13.Be3 Ng6 14.Ne2 c5 15.O-O Bd7 16.b4 b6
17.Rab1 Qc7 18.g4 a6 19.Ng3 Kh7 20.Nf5 Ng8 21.Kf2 N6e7 22.Rg1 f6 23.h4 Rf8
24.Rg3 Nxf5 25.exf5 Ne7 26.Rbg1 Rg8 27.g5 Bxf5 28.g6+ Kh8 29.Bxh6 b5 30.h5 bxc4
31.Bxg7+ Rxg7 32.h6 cxd3 33.hxg7+ Kxg7 34.Rh1 Nxg6 35.Qh6+ Kg8 36.Qh8+  1-0

[Event "Landesliga Sued9798"]
[Site "Bayern"]
[Date "1997.??.??"]
[Round "?"]
[White "Salvermoser, Bernd"]
[Black "Froehlich, Peter"]
[Result "0-1"]
[WhiteElo "2275"]
[BlackElo "2225"]

1.d4 Nf6 2.c4 e6 3.Nc3 Bb4 4.Qc2 O-O 5.a3 Bxc3+ 6.Qxc3 b6 7.Bg5 c5 8.dxc5 bxc5
9.e3 Nc6 10.Bd3 h6 11.Bh4 d6 12.Ne2 Ne5 13.Bc2 a5 14.b3 Ba6 15.a4 Ng6 16.Bg3 Bb7
17.f3 e5 18.Rd1 Qe7 19.O-O Ra6 20.Qd2 Nh5 21.Be1 e4 22.f4 f5 23.Nc3 Rd8 24.Qe2 Nf6
25.Nb5 Rd7 26.Bc3 Nh4 27.Qe1 Ne8 28.Bxa5 d5 29.cxd5 Rg6 30.Kh1 Rxg2 31.Rf2 Nf3
32.Qe2 Rg6 33.Rg2 Rxg2 34.Qxg2 Rxd5 35.Rxd5 Bxd5 36.Bc3 Kh7 37.Qg3 Nf6 38.h3 Bc6
39.Bb2 Nh5 40.Qf2 Qf7  0-1

[Event "Regionalliga SW9697"]
[Site "Bayern"]
[Date "1997.??.??"]
[Round "?"]
[White "Gschwendtner, Michael"]
[Black "Stoer, Andreas"]
[Result "1/2-1/2"]
[WhiteElo "2155"]
[BlackElo "2140"]

1.d4 Nf6 2.c4 e6 3.Nc3 Bb4 4.Qc2 O-O 5.a3 Bxc3+ 6.Qxc3 b6 7.Bg5 Bb7 8.e3 c5
9.Nf3 h6 10.Bh4 d6 11.d5 exd5 12.Bxf6 Qxf6 13.Qxf6 gxf6 14.O-O-O d4 15.exd4 Be4
16.Bd3 Bg6 17.Bxg6 fxg6 18.dxc5 dxc5 19.Rd6 Na6 20.Nh4 Rad8 21.Rhd1 Rxd6
22.Rxd6 Kg7 23.Kc2 Rf7 24.Kc3 Nb8 25.b4 Rc7 26.g4 Nc6 27.Ng2 Kf7 28.bxc5 bxc5
29.Nf4 Ne5 30.h3 Rd7 31.Ra6 Rd4 32.Rxa7+ Ke8 33.Nd5 Rxc4+ 34.Kb3 Rc1 35.Nxf6+ Kd8
36.f4 c4+ 37.Ka4 Nd3 38.f5 gxf5 39.gxf5 Rb1 40.Ne4 Re1 41.Nd6 Rb1  1/2-1/2

[Event "Berliner Sommer"]
[Site "Berlin"]
[Date "1997.??.??"]
[Round "2"]
[White "Ballo, Emanuel"]
[Black "Gurevich, Vladimir"]
[Result "0-1"]
[WhiteElo "2195"]
[BlackElo "2435"]

1.d4 Nf6 2.c4 e6 3.Nc3 Bb4 4.Qc2 O-O 5.a3 Bxc3+ 6.Qxc3 Ne4 7.Qc2 f5 8.Nh3 Nc6
9.e3 d6 10.f3 Nf6 11.b4 e5 12.b5 Ne7 13.Bb2 Ng6 14.Bd3 e4 15.fxe4 fxe4 16.Be2 Bxh3
17.gxh3 Qd7 18.Bf1 c6 19.bxc6 bxc6 20.O-O-O Rab8 21.Bg2 d5 22.Kb1 Nh4 23.Ka2 Rb7
24.Bc3 Rfb8 25.Rb1 Rxb1 26.Rxb1 Rxb1 27.Kxb1 Qb7+ 28.Ka2 Nxg2 29.Qxg2 dxc4
30.Qc2 Qb5 31.a4 Qg5 32.Bd2 Qd5 33.Ka3 Qd6+ 34.Bb4 Qe6 35.Bc5 a6 36.Qc3 h6
37.Qb4 Nd5 38.Qxc4 Qxh3 39.Qxa6 Qxe3+ 40.Kb2 Qf2+ 41.Kb3 Qf3+ 42.Kb2 Qc3+
43.Ka2 Qxc5 44.Qc8+ Qf8  0-1

[Event "Berliner Sommer"]
[Site "Berlin"]
[Date "1997.??.??"]
[Round "6"]
[White "Pedersen, Steffen"]
[Black "Siegel, Georg"]
[Result "1/2-1/2"]
[WhiteElo "2435"]
[BlackElo "2540"]

1.d4 Nf6 2.c4 e6 3.Nc3 Bb4 4.Qc2 O-O 5.a3 Bxc3+ 6.Qxc3 b6 7.Bg5 d6 8.Nf3 Nbd7
9.Nd2 Bb7 10.f3 h6 11.Bh4 c5 12.dxc5 bxc5 13.e3 a5 14.Bd3 Ra6 15.O-O Ba8
16.Qc2 Qb6 17.Rab1 Rb8 18.Rfd1 Qc6 19.Ne4 Nxe4 20.Bxe4 Qc7 21.Bxa8 Rbxa8
22.Bg3 a4 23.Rd2 Rb6 24.Rbd1 Raa6 25.Qd3 Nf6 26.e4 e5 27.f4 exf4 28.Bxf4 Nh5
29.Qf3 Nxf4 30.Qxf4 Qe7 31.Qf5 g6 32.Qd5 Qg5 33.Rf2 Qxd5 34.Rxd5 Rb7 35.e5 dxe5
36.Rxe5 Rd6 37.h3 Rd1+ 38.Kh2 Rb1 39.Rxc5 R1xb2 40.Rxb2 Rxb2 41.Ra5 Rc2 42.Rxa4 Rc3
43.Kg1 Kg7 44.Kf2 h5 45.Ke2 Kf6  1/2-1/2

[Event "Berliner Sommer"]
[Site "Berlin"]
[Date "1997.??.??"]
[Round "7"]
[White "Hillarp Persson, Tiger"]
[Black "Epishin, Vladimir"]
[Result "0-1"]
[WhiteElo "2445"]
[BlackElo "2570"]

1.d4 Nf6 2.c4 e6 3.Nc3 Bb4 4.Qc2 O-O 5.a3 Bxc3+ 6.Qxc3 b6 7.Bg5 c5 8.dxc5 bxc5
9.e3 d6 10.Bd3 Nbd7 11.Nf3 Bb7 12.O-O a5 13.Nd2 Ra6 14.f3 Qb6 15.Bh4 Rb8
16.Rab1 Qa7 17.a4 Ba8 18.b3 Rab6 19.Bc2 Re8 20.Rbd1 d5 21.Bxf6 Nxf6 22.cxd5 exd5
23.Qxc5 Nd7 24.Qd4 Qc7 25.Bd3 Rb4 26.Qb2 Rxe3 27.Bb5 Bc6 28.Qc1 Qa7 29.Qxc6 Rc3+
30.Kh1 Rxc6 31.Bxc6 Rd4 32.Nb1 Ne5 33.Bxd5 Rxd1 34.Rxd1 Qe3 35.Nd2 Qd4 36.Rc1 Kf8  0-1

[Event "Biel op MTO"]
[Site "Biel"]
[Date "1997.??.??"]
[Round "3"]
[White "Lazarev, Vladimir"]
[Black "Langeweg, Kick"]
[Result "1/2-1/2"]
[WhiteElo "2500"]
[BlackElo "2335"]

1.d4 Nf6 2.c4 e6 3.Nc3 Bb4 4.Qc2 O-O 5.a3 Bxc3+ 6.Qxc3 b6 7.Bg5 d6 8.f3 c5
9.dxc5 dxc5 10.e3 Nc6 11.Nh3 e5 12.Nf2 h6 13.Bh4 Bf5 14.Be2 Re8 15.O-O g5
16.Bg3 Nh5 17.Bd1 Bd7 18.Bc2 f5 19.Rad1 Qe7 20.Nd3 f4 21.Bf2 fxe3 22.Bxe3 Nd4
23.Rfe1 Qf6 24.Nf2 Nf4 25.Bxd4  1/2-1/2

[Event "Biel op MTO"]
[Site "Biel"]
[Date "1997.??.??"]
[Round "4"]
[White "Skomorokhin, Roman"]
[Black "Chernin, Alexander"]
[Result "1/2-1/2"]
[WhiteElo "2470"]
[BlackElo "2640"]

1.d4 Nf6 2.c4 e6 3.Nc3 Bb4 4.Qc2 O-O 5.a3 Bxc3+ 6.Qxc3 b6 7.Bg5 d6 8.e3 Nbd7
9.Bd3 Ba6 10.Ne2 h6 11.Bh4 Rc8 12.b4 Ne4 13.Bxd8 Nxc3 14.Bh4 Nxe2 15.Kxe2 f5
16.f3 e5 17.Rhc1 Rce8 18.Kd2 f4 19.d5 fxe3+ 20.Kxe3 g5 21.Bf2 Nf6 22.Be4 Bb7
23.a4 Re7 24.a5 Ref7 25.Bg1 g4 26.axb6 axb6 27.Ra7 Rb8 28.Bg6 Rg7 29.Bf5 Bc8
30.Bd3  1/2-1/2

[Event "Biel op MTO"]
[Site "Biel"]
[Date "1997.??.??"]
[Round "6"]
[White "Skomorokhin, Roman"]
[Black "Nemet, Ivan"]
[Result "1-0"]
[WhiteElo "2470"]
[BlackElo "2395"]

1.d4 Nf6 2.c4 e6 3.Nc3 Bb4 4.Qc2 O-O 5.a3 Bxc3+ 6.Qxc3 Ne4 7.Qc2 f5 8.Nh3 Nc6
9.e3 d6 10.Bd3 e5 11.d5 Ne7 12.O-O Ng6 13.b4 a5 14.Rb1 axb4 15.axb4 Bd7 16.f3 Ng5
17.Nxg5 Qxg5 18.f4 Qe7 19.Bd2 Ra3 20.Bc1 Raa8 21.Qd2 b6 22.g3 c6 23.Bb2 cxd5
24.cxd5 Qe8 25.h4 h6 26.Rbc1 Ra7 27.Rf2 Rf7 28.h5 Nf8 29.fxe5 dxe5 30.Qc3 e4
31.Bc4 b5 32.Bb3 Nh7 33.d6 Be6 34.Qe5 Ng5 35.Kg2 Ra8 36.Bxe6 Qxe6 37.Rc5 f4
38.Qxe6 f3+ 39.Kh2 Nxe6 40.Rxb5 Ra2 41.Re5 Rxb2 42.Rxb2 f2 43.Rb1 Ng5 44.Re8+ Kh7
45.Kg2 Rd7 46.Rd1  1-0

[Event "Biel op MTO"]
[Site "Biel"]
[Date "1997.??.??"]
[Round "9"]
[White "Kelecevic, Nedeljko"]
[Black "Polak, Tomas"]
[Result "*"]
[WhiteElo "2435"]
[BlackElo "2470"]

1.d4 Nf6 2.c4 e6 3.Nc3 Bb4 4.Qc2 O-O 5.a3 Bxc3+ 6.Qxc3 b6 7.Nf3 Bb7 8.e3 d6
9.Be2 Nbd7 10.O-O c5 11.b4 Ne4 12.Qd3 f5 13.Bb2 Qe7 14.Rad1 Rad8 15.Qb3 Ba8
16.dxc5 bxc5 17.Nd2 e5 18.Nb1 f4 19.exf4 Rxf4 20.f3 Ng5 21.Qd3 Nf7 22.Qe3 Nh6
23.Bd3 Nf5 24.Bxf5 Rxf5 25.Nc3 Nb6 26.bxc5 Nxc4 27.Qd3 Nxb2 28.Qxf5 Nxd1
29.cxd6 Qxd6 30.Rxd1 Qc5+ 31.Kf1 Rxd1+ 32.Nxd1 Bd5 33.Qg5 Bc4+ 34.Ke1 Qg1+
35.Kd2 Qd4+ 36.Ke1 Bb3 37.Nf2 Qa1+ 38.Kd2 Qb2+ 39.Ke1 Qb1+ 40.Ke2 Qb2+ 41.Ke1 Qb1+
42.Ke2 Qc2+ 43.Ke1 Qc3+ 44.Qd2 Qa1+ 45.Nd1 Qxa3 46.Qc3 a5 47.Qxe5 Qb4+ 48.Nc3 a4
49.Qe8+ Qf8 50.Qb5 Qa8  *

[Event "Biel op MTO"]
[Site "Biel"]
[Date "1997.??.??"]
[Round "9"]
[White "Lazarev, Vladimir"]
[Black "Vehi Bach, Victor Manuel"]
[Result "1-0"]
[WhiteElo "2500"]
[BlackElo "2395"]

1.d4 Nf6 2.c4 e6 3.Nc3 Bb4 4.Qc2 O-O 5.a3 Bxc3+ 6.Qxc3 d6 7.Bg5 Nbd7 8.f3 b6
9.e4 c5 10.Nh3 h6 11.Be3 Qc7 12.d5 exd5 13.cxd5 Rb8 14.Be2 Re8 15.Nf2 b5
16.O-O a5 17.b4 Nb6 18.Qd2 axb4 19.axb4 cxb4 20.Bxb5 Nc4 21.Bxc4 Qxc4 22.Bd4 Nd7
23.Rfc1 Qb5 24.h4 Nc5 25.Rab1 Nd7 26.Nd3 b3 27.Rc3 Qa4 28.Nb2 Qb5 29.Nc4  1-0

[Event "Budapest"]
[Site "Budapest"]
[Date "1997.??.??"]
[Round "2"]
[White "Kahn, Evarth"]
[Black "Murzin, Lenar"]
[Result "1/2-1/2"]
[WhiteElo "2370"]
[BlackElo "2320"]

1.d4 Nf6 2.c4 e6 3.Nc3 Bb4 4.Qc2 O-O 5.Bg5 h6 6.Bh4 c5 7.dxc5 Na6 8.a3 Bxc3+
9.Qxc3 Nxc5 10.f3 Nfe4 11.Bxd8 Nxc3 12.Be7 Nb3 13.Bxf8 Kxf8 14.Rd1 Nxd1 15.Kxd1 d5
16.e3 Bd7 17.cxd5 Rc8 18.Ne2 exd5 19.Nc3 d4 20.exd4 Nxd4 21.Bd3 Be6 22.Kd2 Rd8
23.Ke3 Nc6 24.Rc1 Ne5 25.Be2 Bc4 26.f4 Nd3 27.Rd1 Re8+ 28.Kd4 Rd8+ 29.Kxc4 Nxb2+
30.Kb3 Nxd1 31.Bxd1 Rd4 32.Bf3 b6 33.Nb5 Rxf4 34.Nxa7 g5 35.a4 g4 36.Bc6 Ke7
37.Nb5 h5 38.Nc3 Kd6 39.Bd5 f5 40.Kc2 Kc5 41.Bb7 h4 42.Kd3 h3 43.gxh3 gxh3
44.Ke3 Rg4 45.Kd3 Rd4+ 46.Ke2 Rb4 47.Bc8 Kd4 48.Nd1 Ke5 49.Ne3 Rxa4 50.Bxf5 Ra2+
51.Bc2 Kd4 52.Kd2 b5 53.Nd1 b4 54.Kc1 Ke5 55.Nb2 Ra1+ 56.Bb1 Kd4 57.Nd1 Ra3
58.Bf5 Ke5 59.Bg4 Kf4 60.Be6 Ke5 61.Bg4 Ke4 62.Bxh3 Ra1+ 63.Kc2 b3+ 64.Kxb3 Rxd1
65.Bg4 Rd4 66.h3 Kd5 67.Kc3 Kc5 68.Bf5 Rd1 69.Bg4 Rg1 70.Kd3 Kd5 71.Ke3 Ke5
72.Kd3 Rg3+ 73.Kc4 Re3 74.Bd7 Re4+ 75.Kc3 Kd6 76.Bg4 Ra4 77.Kd3 Ke5  1/2-1/2

[Event "Budapest FS12 IM-B"]
[Site "Budapest"]
[Date "1997.??.??"]
[Round "2"]
[White "Kahn, Evarth"]
[Black "Allen, Andrew"]
[Result "1/2-1/2"]
[WhiteElo "2270"]
[BlackElo "2215"]

1.d4 Nf6 2.c4 e6 3.Nc3 Bb4 4.Qc2 O-O 5.Bg5 c5 6.dxc5 Na6 7.a3 Bxc3+ 8.Qxc3 Nxc5
9.f3 Nfe4 10.Bxd8 Nxc3 11.Be7 Nb3 12.Bxf8 Kxf8 13.Rd1 Nxd1 14.Kxd1 a5 15.e3 a4
16.Kc2 d6 17.Ne2 Bd7 18.Nd4  1/2-1/2

[Event "Budapest FS04 GM"]
[Site "Budapest"]
[Date "1997.??.??"]
[Round "3"]
[White "Hoang Than Trang"]
[Black "Lukacs, Peter"]
[Result "0-1"]
[WhiteElo "2355"]
[BlackElo "2470"]

1.d4 Nf6 2.c4 e6 3.Nc3 Bb4 4.Qc2 O-O 5.a3 Bxc3+ 6.Qxc3 b6 7.Bg5 Ba6 8.e3 d6
9.Bd3 Nbd7 10.Ne2 h6 11.Bh4 c5 12.O-O Rc8 13.Qb3 d5 14.Qa4 cxd4 15.Bxf6 gxf6
16.Qxa6 Nc5 17.Qb5 a6 18.Qb4 Nxd3 19.Qd2 dxc4 20.exd4 Kh7 21.b3 b5 22.a4 f5
23.axb5 axb5 24.bxc4 bxc4 25.Ra3 Rg8 26.f3 Rb8 27.Rc3 Rb2 28.Rc2 Rxc2 29.Qxc2 Nf4
30.Nxf4 Qxd4+ 31.Kh1 Qxf4 32.Rd1 Rc8 33.Qc3 Qg5 34.g3 Qg7 35.Qe3 c3 36.Rc1 c2
37.Qd2 Qb2 38.Kg1 Rc3 39.Kh1 Rxf3  0-1